000 00670nam a2200229Ia 4500
003 GCL
008 140319s9999 xx 000 0 ara d
040 _aGCL /
_cGCL
082 0 4 _a372.87
_bع ط
100 1 _aعائشة صبرى
245 1 0 _aطرق تعليم الموسيقى /
_cعائشة صبرى
700 1 _aامال احمد مختار صادق
260 _a[S.N] :
_bمكتبة الانجلوالمصرية ،
_c1987
300 _a253 ص
490 _a
650 0 4 _aطرق التدريس
650 0 4 _aالتعليم
650 0 4 _aالتربية
650 0 4 _aالموسيقى
650 0 4 _aالتعليم الابتدائى
942 _2ddc
_cBK
999 _c32533
_d32533